000 00377nam a22001457a 4500
003 OSt
005 20160727222449.0
008 160704b xxu||||| |||| 00| 0 eng d
040 _cTEST
100 _92005
_aKirsk, R
245 _aJapan Crossroads of East and West
260 _aCan
_b Thomas Nelson & sons
_c1966
300 _aJapan Crossroads of East and West
942 _2ddc
_cBK
999 _c1707
_d1707